| 000 | 00396nam a22001457a 4500 | ||
|---|---|---|---|
| 003 | SISC | ||
| 005 | 20160602155716.0 | ||
| 008 | 160602b xxu||||| |||| 00| 0 eng d | ||
| 050 |
_aPZ 7 _b.C489 1976 |
||
| 100 | _aChastain, Thomas. | ||
| 245 |
_a911 : _bChristmas bomber / _cThomas Chastain. |
||
| 260 |
_aGreat Britain : _bCorgi Books, _c1976. |
||
| 300 |
_a280 pages ; _c18 cm. |
||
| 942 |
_2lcc _cBK |
||
| 999 |
_c295585 _d295585 |
||